[Event "FICGS class D 000158 email"]
[Site "FICGS email"]
[Date "2010.10.08"]
[Round "1"]
[White "Piantadosi, Angelo"]
[Black "Roncagliolo, Marco"]
[Result "1-0"]
[WhiteElo "1552"]
[BlackElo "1524"]
[PlyCount "25"]
[EventDate "2010.??.??"]
[EventType "tourn (corr)"]
[EventRounds "5"]
[SourceTitle "Corr 2013"]
[Source "ChessBase"]
[SourceDate "2012.11.12"]
[SourceVersion "1"]
[SourceVersionDate "2012.11.12"]
[SourceQuality "1"]

1. e4 e5 2. Bc4 Nf6 3. d3 Bc5 4. Be3 Be7 5. f4 exf4 6. Bxf4 0-0 7. Nf3 d5 8. exd5 Nxd5 9. Bxd5 Qxd5 10. Bxc7 Bf6 11. Nc3 Re8+ 12. Ne4 Bf5 13. 0-0 1-0

[Event "FICGS class D 000155 email"]
[Site "FICGS email"]
[Date "2010.08.09"]
[Round "1"]
[White "Colarina, Floram"]
[Black "Roncagliolo, Marco"]
[Result "1-0"]
[WhiteElo "1464"]
[BlackElo "1596"]
[PlyCount "49"]
[EventDate "2010.??.??"]
[EventType "tourn (corr)"]
[EventRounds "6"]
[SourceTitle "Corr 2013"]
[Source "ChessBase"]
[SourceDate "2012.11.12"]
[SourceVersion "1"]
[SourceVersionDate "2012.11.12"]
[SourceQuality "1"]

1. e4 e5 2. Nf3 Nc6 3. Bb5 a6 4. Ba4 Nf6 5. 0-0 Be7 6. Re1 b5 7. Bb3 0-0 8. c3 d6 9. d4 Bg4 10. d5 Nb8 11. h3 Bd7 12. Bg5 h6 13. Bh4 Nh7 14. Bxe7 Qxe7 15. Nbd2 f5 16. c4 Ng5 17. a4 bxa4 18. Nxg5 axb3 19. Ngf3 fxe4 20. Nxe4 Qf7 21. Qxb3 Bxh3 22. gxh3 Qxf3 23. Qxf3 Rxf3 24. Kg2 Rf8 25. c5 1-0

[Event "FICGS class D 000154 email"]
[Site "FICGS email"]
[Date "2010.07.27"]
[Round "1"]
[White "Colarina, Floram"]
[Black "Roncagliolo, Marco"]
[Result "1-0"]
[WhiteElo "1464"]
[BlackElo "1596"]
[PlyCount "59"]
[EventDate "2010.??.??"]
[EventType "tourn (corr)"]
[EventRounds "6"]
[SourceTitle "Corr 2013"]
[Source "ChessBase"]
[SourceDate "2012.11.12"]
[SourceVersion "1"]
[SourceVersionDate "2012.11.12"]
[SourceQuality "1"]

1. e4 e5 2. Nf3 Nc6 3. Bc4 Be7 4. 0-0 Nf6 5. c3 0-0 6. Re1 d6 7. d4 Bg4 8. Be3 Nxe4 9. h3 Bxf3 10. Qxf3 d5 11. Bb5 exd4 12. cxd4 f5 13. a3 f4 14. Qg4 fxe3 15. fxe3 Qd6 16. Nc3 Nf6 17. Qf4 Qxf4 18. exf4 Bd6 19. Bxc6 bxc6 20. g3 Rfe8 21. Kf2 Kf7 22. Kf3 Rxe1 23. Rxe1 Re8 24. Ne2 Ne4 25. Rc1 c5 26. dxc5 Nxc5 27. Rd1 c6 28. Nd4 Rc8 29. b4 Ne4 30. Rc1 1-0

[Event "FICGS class D 000154 email"]
[Site "FICGS email"]
[Date "2010.07.27"]
[Round "1"]
[White "Roncagliolo, Marco"]
[Black "Oseledchuck, Sergey"]
[Result "1-0"]
[WhiteElo "1596"]
[BlackElo "1500"]
[PlyCount "33"]
[EventDate "2010.??.??"]
[EventType "tourn (corr)"]
[EventRounds "6"]
[SourceTitle "Corr 2013"]
[Source "ChessBase"]
[SourceDate "2012.11.12"]
[SourceVersion "1"]
[SourceVersionDate "2012.11.12"]
[SourceQuality "1"]

1. e4 Nf6 2. e5 Nd5 3. d4 d6 4. Nf3 g6 5. c4 Nb6 6. exd6 cxd6 7. Nc3 Bg7 8. Be2 Nc6 9. Be3 0-0 10. 0-0 Bg4 11. b3 Rc8 12. Rc1 e6 13. h3 Bxf3 14. Bxf3 d5 15. c5 Nd7 16. a3 Qf6 17. Ne2 1-0

[Event "FICGS rapid C 000091 email"]
[Site "FICGS email"]
[Date "2010.07.27"]
[Round "1"]
[White "Roncagliolo, Marco"]
[Black "Tuluoglu, Utku"]
[Result "0-1"]
[WhiteElo "1596"]
[BlackElo "1626"]
[PlyCount "70"]
[EventDate "2010.??.??"]
[EventType "tourn (rapid)"]
[EventRounds "5"]
[SourceTitle "Corr 2013"]
[Source "ChessBase"]
[SourceDate "2012.11.12"]
[SourceVersion "1"]
[SourceVersionDate "2012.11.12"]
[SourceQuality "1"]

1. e4 c6 2. d4 d5 3. Nd2 dxe4 4. Nxe4 Nd7 5. Nf3 Ngf6 6. Ng3 e6 7. Bf4 Nd5 8. Bd2 c5 9. c4 N5f6 10. Bd3 cxd4 11. 0-0 Qb6 12. b3 Be7 13. a3 Nc5 14. Bb4 a5 15. Bxc5 Bxc5 16. Re1 0-0 17. Ne4 Nxe4 18. Rxe4 f6 19. Rh4 g6 20. Qd2 Rf7 21. Qh6 Rg7 22. Nd2 e5 23. Ne4 Bf8 24. c5 Qc6 25. Rc1 Rf7 26. Qd2 Be6 27. b4 axb4 28. axb4 Ra2 29. Qe1 h6 30. b5 Qc7 31. c6 f5 32. cxb7 Qxb7 33. Nc5 Bxc5 34. Rxc5 e4 35. Bf1 Qe7 0-1

[Event "FICGS rapid D 000044 email"]
[Site "FICGS email"]
[Date "2010.07.10"]
[Round "1"]
[White "Roncagliolo, Marco"]
[Black "Pereira, Antonio"]
[Result "1-0"]
[WhiteElo "1596"]
[BlackElo "1481"]
[PlyCount "35"]
[EventDate "2010.??.??"]
[EventType "tourn (rapid)"]
[EventRounds "6"]
[SourceTitle "Corr 2013"]
[Source "ChessBase"]
[SourceDate "2012.11.12"]
[SourceVersion "1"]
[SourceVersionDate "2012.11.12"]
[SourceQuality "1"]

1. e4 e5 2. Nf3 Nc6 3. Bb5 a6 4. Ba4 Nf6 5. 0-0 Be7 6. Re1 b5 7. Bb3 d6 8. h3 Na5 9. c3 Nxb3 10. Qxb3 Be6 11. Qc2 c5 12. d4 Qc7 13. d5 Bd7 14. Nbd2 0-0 15. Nf1 Rab8 16. Ne3 g6 17. Nf1 Kg7 18. Ng3 1-0

[Event "FICGS class D 000152 email"]
[Site "FICGS email"]
[Date "2010.06.24"]
[Round "1"]
[White "Pechova, Hana"]
[Black "Roncagliolo, Marco"]
[Result "0-1"]
[WhiteElo "1439"]
[BlackElo "1492"]
[PlyCount "26"]
[EventDate "2010.??.??"]
[EventType "tourn (corr)"]
[EventRounds "1"]
[SourceTitle "Corr 2013"]
[Source "ChessBase"]
[SourceDate "2012.11.12"]
[SourceVersion "1"]
[SourceVersionDate "2012.11.12"]
[SourceQuality "1"]

1. e4 e5 2. Nf3 Nc6 3. Bb5 a6 4. Ba4 Nf6 5. 0-0 Be7 6. Re1 b5 7. Bb3 d6 8. c3 0-0 9. h3 Nb8 10. d4 Nbd7 11. Nbd2 Bb7 12. Bc2 c5 13. Nf1 Qc7 0-1

[Event "FICGS class D 000151 email"]
[Site "FICGS email"]
[Date "2010.06.10"]
[Round "1"]
[White "Ljubesic, Zeljko"]
[Black "Roncagliolo, Marco"]
[Result "0-1"]
[WhiteElo "1400"]
[BlackElo "1492"]
[PlyCount "72"]
[EventDate "2010.??.??"]
[EventType "tourn (corr)"]
[EventRounds "4"]
[SourceTitle "Corr 2013"]
[Source "ChessBase"]
[SourceDate "2012.11.12"]
[SourceVersion "1"]
[SourceVersionDate "2012.11.12"]
[SourceQuality "1"]

1. e4 e5 2. Nf3 Nc6 3. Bc4 Be7 4. c3 Nf6 5. Ng5 0-0 6. 0-0 Na5 7. Nxf7 Rxf7 8. Bxf7+ Kxf7 9. Re1 d6 10. d4 Nc6 11. Bg5 Kg8 12. d5 Nb8 13. h3 Nbd7 14. c4 h6 15. Bh4 Qe8 16. Nc3 Nf8 17. Nb5 Qd8 18. b3 a6 19. Nc3 Qe8 20. Rf1 Ng6 21. Bg3 Bd7 22. f4 exf4 23. Bxf4 Nxf4 24. Rxf4 Nh7 25. Qe2 Bf6 26. Qd3 Be5 27. Rf2 Qg6 28. g4 Rf8 29. Raf1 Rxf2 30. Rxf2 h5 31. Kf1 hxg4 32. hxg4 Nf6 33. Nd1 Qxg4 34. Rg2 Qf4+ 35. Nf2 Ng4 36. Qd1 Ne3+ 0-1

[Event "FICGS rapid D 000041 email"]
[Site "FICGS email"]
[Date "2010.05.26"]
[Round "1"]
[White "Roncagliolo, Marco"]
[Black "Leurette, Marc Antoine"]
[Result "1-0"]
[WhiteElo "1492"]
[BlackElo "1421"]
[PlyCount "61"]
[EventDate "2010.??.??"]
[EventType "tourn (rapid)"]
[EventRounds "6"]
[SourceTitle "Corr 2013"]
[Source "ChessBase"]
[SourceDate "2012.11.12"]
[SourceVersion "1"]
[SourceVersionDate "2012.11.12"]
[SourceQuality "1"]

1. e4 e5 2. Nf3 Nc6 3. Bb5 Nf6 4. 0-0 Nxe4 5. d4 Nd6 6. Bxc6 dxc6 7. dxe5 Nf5 8. Qxd8+ Kxd8 9. Bg5+ Be7 10. Nc3 h6 11. Rad1+ Bd7 12. Bxe7+ Nxe7 13. e6 fxe6 14. Ne5 Nd5 15. Nf7+ Ke7 16. Nxh8 Rxh8 17. Nxd5+ cxd5 18. Rfe1 c6 19. f4 Rf8 20. g3 g6 21. Re5 b5 22. b4 a6 23. c3 Rf5 24. Rde1 Rxe5 25. Rxe5 Kf6 26. Kf2 g5 27. Ke3 gxf4+ 28. gxf4 Be8 29. Kd4 h5 30. h4 Bd7 31. Kc5 1-0

[Event "FICGS class D 000150 email"]
[Site "FICGS email"]
[Date "2010.05.25"]
[Round "1"]
[White "Davis, Mark"]
[Black "Roncagliolo, Marco"]
[Result "1-0"]
[WhiteElo "1406"]
[BlackElo "1492"]
[PlyCount "101"]
[EventDate "2010.??.??"]
[EventType "tourn (corr)"]
[EventRounds "6"]
[SourceTitle "Corr 2013"]
[Source "ChessBase"]
[SourceDate "2012.11.12"]
[SourceVersion "1"]
[SourceVersionDate "2012.11.12"]
[SourceQuality "1"]

1. e4 e5 2. Nf3 Nc6 3. Bc4 Bc5 4. Nc3 Nf6 5. d3 h6 6. h3 0-0 7. 0-0 a6 8. Bd2 b5 9. Bb3 d6 10. a3 Ne7 11. Nd5 Nfxd5 12. exd5 Kh8 13. c4 f5 14. Rc1 e4 15. dxe4 fxe4 16. Ne1 Nf5 17. Bc3 e3 18. fxe3 Nxe3 19. Rxf8+ Qxf8 20. Qf3 Qxf3 21. Nxf3 Nxc4+ 22. Kh1 Ne3 23. Kh2 Bb7 24. Re1 Rf8 25. Kg3 Nf5+ 26. Kh2 Ne3 27. Ng5 hxg5 28. Bd2 Nxd5 29. Bxg5 Nf6 30. Re7 Bb6 31. h4 Bc8 32. Bxf6 gxf6 33. Bc2 f5 34. h5 Bb7 35. h6 Bd5 36. g4 fxg4 37. Kg3 Bf7 38. Kxg4 d5 39. h7 Kg7 40. b4 Kf6 41. Re1 Kg7 42. Rh1 c5 43. bxc5 Bxc5 44. Bf5 d4 45. Kf4 Bxa3 46. Ke4 Kh8 47. Kxd4 Be7 48. Be4 a5 49. Kc3 b4+ 50. Kb2 a4 51. Rg1 1-0

[Event "FICGS theme 0000 email"]
[Site "FICGS email"]
[Date "2009.05.30"]
[Round "1"]
[White "Roncagliolo, Marco"]
[Black "Rusli, Rafnizar"]
[Result "0-1"]
[WhiteElo "1748"]
[BlackElo "1800"]
[PlyCount "26"]
[EventDate "2009.??.??"]
[EventType "swiss (corr)"]
[EventRounds "1"]
[SourceTitle "Corr 2022"]
[Source "ChessBase"]
[SourceDate "2021.10.24"]
[SourceVersion "1"]
[SourceVersionDate "2021.10.24"]
[SourceQuality "1"]

1. e4 e5 2. f4 exf4 3. Nf3 g5 4. Bc4 Bg7 5. 0-0 Nc6 6. c3 d6 7. d4 h6 8. g3 g4 9. Bxf4 gxf3 10. Qxf3 Bh3 11. Bxh6 Bf6 12. Bg7 Bxf1 13. Bxh8 Bxc4 0-1

[Event "FICGS theme 0000 email"]
[Site "FICGS email"]
[Date "2009.05.30"]
[Round "1"]
[White "Roncagliolo, Marco"]
[Black "Spangler, Rick"]
[Result "0-1"]
[WhiteElo "1748"]
[BlackElo "1755"]
[PlyCount "44"]
[EventDate "2009.??.??"]
[EventType "swiss (corr)"]
[EventRounds "1"]
[SourceTitle "Corr 2022"]
[Source "ChessBase"]
[SourceDate "2021.10.24"]
[SourceVersion "1"]
[SourceVersionDate "2021.10.24"]
[SourceQuality "1"]

1. e4 e5 2. f4 Bc5 3. Nf3 d6 4. Bc4 Nc6 5. c3 Bg4 6. a4 a5 7. d3 Qe7 8. Nbd2 exf4 9. d4 Ba7 10. 0-0 Nf6 11. Qe1 0-0-0 12. Qh4 h6 13. Kh1 g5 14. Qe1 Rhe8 15. e5 dxe5 16. dxe5 Nd5 17. b4 Nxc3 18. Bb2 axb4 19. h3 Bxf3 20. Nxf3 Nd4 21. Nxd4 Bxd4 22. Qe4 Nxe4 0-1